Normal view
MARC view
- الاعدام - الغاء- فرنسا
Entry Topical Term
001 - CONTROL NUMBER
- control field: 21383
003 - CONTROL NUMBER IDENTIFIER
- control field: JO-AjAnu
005 - DATE AND TIME OF LATEST TRANSACTION
- control field: 20230606073715.0
008 - FIXED-LENGTH DATA ELEMENTS
- fixed length control field: 230606|| aca||aabn | a|a d
040 ## - CATALOGING SOURCE
- Original cataloging agency: JO-AjAnu
- Transcribing agency: JO-AjAnu
150 ## - HEADING--TOPICAL TERM
- Topical term or geographic name entry element: الاعدام - الغاء- فرنسا
670 ## - SOURCE DATA FOUND
- Source citation: Work cat.: (JO-AjAnu)10985: تأليف: بادينتير، روبير ؛ ترجمة: عبدالهادي عباس ؛ مراجعة : موريس جلال, author 21382, الإلغاء : إلغاء عقوبة الاعدام = L'ABOLITION